| 000 | 01309nam a22003617a 4500 | ||
|---|---|---|---|
| 003 | CHAP | ||
| 005 | 20220329140742.0 | ||
| 008 | 971013s1966 r 00010 d | ||
| 010 | _a57062 | ||
| 011 | _a58034 | ||
| 035 | _a62189 | ||
| 040 | _cCHAP | ||
| 082 |
_a631.45 _bS2 1966 |
||
| 100 | 0 | 0 |
_aSchwab, Glenn Orville. _9103270 |
| 245 | _aSoil and water conservation engineering | ||
| 250 | _a2 ed. | ||
| 260 |
_aNew York : _bWiley, _c1966 |
||
| 300 |
_a683 p. _b: ilus. |
||
| 490 | _aThe Ferguson Foundation agricultural engineering series | ||
| 590 |
_aBATCH-UPD _b10 _c20130110 _lUCH01 _h2006 |
||
| 590 |
_aBATCH-UPD _b10 _c20130410 _lUCH01 _h1326 |
||
| 590 |
_aBATCH-UPD _b10 _c20130914 _lUCH01 _h2015 |
||
| 590 |
_aCONVERSION _b10 _c20130109 _lUCH01 _h1331 |
||
| 650 | 1 | 4 |
_aAgua _xConservacion. _92319 |
| 650 | 1 | 4 |
_aSuelos _xConservación. _9110283 |
| 830 | 0 |
_aThe Ferguson Foundation agricultural engineering series _9112651 |
|
| 901 | _aBK | ||
| 942 | _cLIBRO | ||
| 949 |
_a631.45 S2 1966 _bBC _cLIBRO _d33724000075289 _eLIBRO _fc.4 _h41075 _i62189 _si |
||
| 949 |
_a631.45 S2 1966 _bBC _cLIBRO _d33724000075297 _eLIBRO _fc.3 _h39683 _i62189 _si |
||
| 949 |
_a631.45 S2 1966 _bBC _cLIBRO _d33724000075305 _eLIBRO _fc.2 _h34407 _i62189 _si |
||
| 949 |
_a631.45 S2 1966 _bBC _cLIBRO _d33724000075313 _eLIBRO _h34406 _i62189 _si |
||
| 999 |
_c57062 _d57062 |
||